Los derechos constitucionales Elementos para una teora̕ general /

Bibliographic Details
Main Author: Castillo Cr̤dova, Luis
Format: eBook
Language:Spanish
Published: Lima : Palestra Editores, 2007
Subjects:
Online Access:Acceso restringido

MARC

LEADER 00000nam a22000007a 4500
005 2012042309129.0
007 cr|||| ||||
008 120423s2007 pe |||||s|||| 00||0 spa d
020 |a 978-9972-224-53-9 
035 |a 6430 
040 |a vLex 
090 |c 3137  |d 3137 
100 1 |a Castillo Cr̤dova, Luis 
245 1 3 |a Los derechos constitucionales  |h [Recurso electrn̤ico] :  |b Elementos para una teora̕ general /  |c Luis Castillo Cr̤dova 
256 |a Servicio en ln̕ea 
260 |a Lima :  |b Palestra Editores,  |c 2007 
300 |a 1 recurso electrn̤ico 
506 1 |a Contenido solo disponible en los productos indicados  |d vLex Global   |d vLex Global (Academic Edition, excluding Law Schools)   |d vLex Global (U.S. Academic Edition, Law Schools)   |d vLex Global (U.S. Academic Edition, excluding Law Schools)   |d vLex Global (Academic Edition, Law Schools)  
650 0 4 |a Derecho constitucional  |z Colombia 
740 0 |a vLex Libros (Servicio en ln̕ea) 
856 4 0 |u http://vlex.com/source/derechos-constitucionales-elementos-teoria-general-6430  |z Acceso restringido 
942 |c BOOK 
999 0 |a Constitutional law